000 00464cam a2200205 4500
001 B326
008 090401t1986 xxu||||| |||| 00| 0 eng d
035 _a(Sirsi) u35007
041 _aeng
050 _a333.337
110 _aEdward Erdman
_92048
245 _aShop rental growth 1977-1986
260 _aLondon
_bEdward Erdman
_c1986
300 _a17p. ; 30cm.
350 _a28.95
650 _aRENT
650 _aSHOPS
942 _n0
948 _c04/03/1997
999 _c90021
_d90021